[Event "30th World Open"]
[Site "Philadelphia USA"]
[Date "2002.06.30"]
[Round "2"]
[White "Curdo,J"]
[Black "Rust,L"]
[Result "1-0"]
[WhiteElo "2263"]
[BlackElo "2004"]

1.e4 c5 2.Nf3 d6 3.Bb5+ Bd7 4.Bxd7+ Qxd7 5.O-O Nc6 6.c3 Nf6 7.d4 cxd4 8.cxd4 e6
9.d5 Nd8 10.dxe6 fxe6 11.Nc3 Nf7 12.Qe2 Be7 13.Rd1 e5 14.Bg5 O-O 15.Bxf6 Bxf6
16.Nd5 Be7 17.Rac1 Rac8 18.Qe3 b6 19.Qb3 Rc5 20.Rxc5 bxc5 21.Nxe5 Qe6 22.Nc6 Bf6
23.Nde7+  1-0

[Event "1st Women's Masters"]
[Site "Belfort FRA"]
[Date "2002.07.01"]
[Round "4"]
[White "Ionescu Brandis,I"]
[Black "Muller,A"]
[Result "1/2-1/2"]
[WhiteElo "2319"]
[BlackElo "2167"]

1.e4 c5 2.Nf3 d6 3.Bb5+ Bd7 4.Bxd7+ Qxd7 5.c4 Nc6 6.Nc3 Nf6 7.O-O e6 8.d4 cxd4
9.Nxd4 Be7 10.Be3 O-O 11.Qe2 a6 12.Rad1 Qc7 13.a4 Rac8 14.b3 Rfe8 15.f4 Nd7
16.f5 Bf6 17.Kh1 Nxd4 18.Bxd4 Ne5 19.Qf2 Qe7 20.Qg3 Bh4 21.Qh3 Bf6 22.Rf2 Bh4
23.Bxe5 Bxf2 24.f6 gxf6 25.Bxd6 Qd8 26.Qg4+ Kh8 27.Qf4 Bd4 28.Rxd4 e5 29.Qh4 exd4
30.Nd5 Qxd6 31.Nxf6 Qxf6 32.Qxf6+ Kg8 33.Qg5+ Kf8  1/2-1/2

[Event "ch-SVK"]
[Site "Kaskady SVK"]
[Date "2002.07.01"]
[Round "5"]
[White "Stohl,I"]
[Black "Ftacnik,L"]
[Result "1/2-1/2"]
[WhiteElo "2550"]
[BlackElo "2576"]

1.Nf3 c5 2.e4 d6 3.Bb5+ Bd7 4.Bxd7+ Qxd7 5.c4 Nc6 6.Nc3 g6 7.d4 cxd4 8.Nxd4 Bg7
9.Nde2 Nf6 10.f3 O-O 11.O-O Rfc8 12.Rb1 Qd8 13.Kh1 a6 14.a4 Nd7 15.b3  1/2-1/2

[Event "IV Shakkinet A"]
[Site "Helsinki FIN"]
[Date "2002.07.02"]
[Round "9"]
[White "Tiitta,S"]
[Black "Carlsen,M"]
[Result "1-0"]
[WhiteElo "2249"]
[BlackElo "2163"]

1.e4 c5 2.Nf3 d6 3.Bb5+ Bd7 4.Bxd7+ Qxd7 5.O-O Nc6 6.c3 Nf6 7.d4 cxd4 8.cxd4 d5
9.e5 Ne4 10.Ne1 f6 11.f3 Ng5 12.Bxg5 fxg5 13.Nc3 e6 14.f4 gxf4 15.Nc2 O-O-O
16.Rxf4 Be7 17.Rf7 Nxe5 18.Rxe7 Qxe7 19.dxe5 d4 20.Ne4 Rd5 21.Nxd4 Rhd8 22.Qc2+ Kb8
23.Nf3 Qb4 24.Rc1 Qb6+ 25.Kh1 a6 26.Nd6 g5 27.h3 h5 28.Nxg5 R8xd6 29.exd6 Rxg5
30.Qc8+ Ka7 31.Qxe6 Rxg2 32.Kxg2 Qxb2+ 33.Kg3 Qxc1 34.d7 Qg1+ 35.Kh4 Qf2+
36.Kxh5 Qf3+ 37.Kg6 Qd3+ 38.Qf5 Qd6+ 39.Kf7 Kb8 40.d8=R+ Qxd8 41.Qe5+ Kc8
42.Qc5+  1-0

[Event "1st Open"]
[Site "La Fere FRA"]
[Date "2002.07.02"]
[Round "4"]
[White "Zigura,O"]
[Black "Nevednichy,V"]
[Result "0-1"]
[WhiteElo "2377"]
[BlackElo "2560"]

1.e4 c5 2.Nf3 d6 3.Bb5+ Nc6 4.Bxc6+ bxc6 5.d3 e5 6.c4 g6 7.Nc3 Bg7 8.O-O Nf6
9.Rb1 O-O 10.b4 cxb4 11.Rxb4 Nd7 12.h3 Nc5 13.Be3 Ne6 14.Qd2 f5 15.Bg5 Qc7
16.exf5 gxf5 17.Bh6 Rf6 18.Bxg7 Kxg7 19.Rfb1 Ng5 20.Ne1 Nxh3+ 21.Kf1 Ng5  0-1

[Event "1st Open"]
[Site "La Fere FRA"]
[Date "2002.07.02"]
[Round "5"]
[White "Nevednichy,V"]
[Black "Filipek,J"]
[Result "1-0"]
[WhiteElo "2560"]
[BlackElo "2383"]

1.e4 c5 2.Nf3 d6 3.Bb5+ Bd7 4.Bxd7+ Qxd7 5.O-O Nc6 6.c3 d5 7.e5 d4 8.cxd4 cxd4
9.d3 e6 10.Nbd2 Nge7 11.Nc4 Nd5 12.Re1 Ndb4 13.a3 b5 14.axb4 bxc4 15.b5 Nb4
16.dxc4 d3 17.Re4 Qb7 18.Rg4 h5 19.Rf4 Be7 20.h4 Nc2 21.Ra6 Rd8 22.Bd2 Rg8
23.Ng5 Bxg5 24.hxg5 Nd4 25.Kf1 Ne2 26.Rh4 g6 27.Qa4 Kf8 28.Rxa7 Qb8 29.Qa3+ Kg7
30.Qe7 Qxa7 31.Qxa7 Ra8 32.Qa3 Rxa3 33.bxa3 Ra8 34.Bb4 Rd8 35.Ke1 Nd4 36.Rxd4 Rxd4
37.b6  1-0

[Event "23rd Open"]
[Site "Bled SLO"]
[Date "2002.07.05"]
[Round "4"]
[White "Zelcic,R"]
[Black "Guidarelli,L"]
[Result "1-0"]
[WhiteElo "2565"]
[BlackElo "2418"]

1.e4 c5 2.Nf3 d6 3.Bb5+ Nd7 4.d4 Nf6 5.Nc3 a6 6.Bxd7+ Nxd7 7.O-O e6 8.dxc5 Nxc5
9.Bg5 Qc7 10.a4 h6 11.Bh4 Nd7 12.Nd4 Nf6 13.Bxf6 gxf6 14.a5 Bd7 15.Qd2 Qc4
16.Rfe1 h5 17.Ra3 Be7 18.Nf5 Qc5 19.Nd5 exd5 20.Rc3 Qb5 21.Nxe7 d4 22.Rb3 Qxb3
23.cxb3 Kxe7 24.Qxd4 Rac8 25.Rd1 Rc6 26.f4 Bg4 27.Rd2 Be6 28.e5 fxe5 29.fxe5 Rd8
30.exd6+ Rdxd6 31.Qh4+ Kd7 32.Rxd6+ Rxd6 33.Qxh5 Bxb3 34.h4 Bd5 35.Qf5+ Kc6
36.h5 Re6 37.Qc2+ Kd7 38.Qd2 Rd6 39.h6 Be4 40.Qf4  1-0

[Event "1st Open"]
[Site "La Fere FRA"]
[Date "2002.07.05"]
[Round "9"]
[White "Zigura,O"]
[Black "Sarakauskas,G"]
[Result "0-1"]
[WhiteElo "2377"]
[BlackElo "2388"]

1.e4 c5 2.Nf3 d6 3.Bb5+ Nc6 4.Bxc6+ bxc6 5.d3 e5 6.c4 Ne7 7.a3 a5 8.Nc3 Ng6
9.h3 Be7 10.Rb1 O-O 11.O-O Be6 12.Re1 f5 13.b4 cxb4 14.axb4 axb4 15.Rxb4 d5
16.Ra4 fxe4 17.dxe4 d4 18.Rxa8 Qxa8 19.Na4 Qa6 20.Bg5 Bb4 21.Bd2 Qxc4 22.Nb2 Qb5
23.Bxb4 Qxb4 24.Nd3 Qd6 25.Ng5 h6 26.Nxe6 Qxe6 27.Qh5 Kh7 28.Rc1 Nf4 29.Nxf4 Rxf4
30.Qe2 Qd6 31.Qc4 Rf6 32.Rd1 Qa3 33.f3 Qe3+ 34.Kh1 Rxf3 35.Qe6 Rf4 36.Qxe5 Qxe4
37.Qc5 Rf2 38.Rg1 Rc2 39.Qd6 d3 40.Qd7 c5 41.Qd6  0-1

[Event "1st Women's Masters"]
[Site "Belfort FRA"]
[Date "2002.07.07"]
[Round "10"]
[White "Ionescu Brandis,I"]
[Black "Bojkovic,N"]
[Result "1/2-1/2"]
[WhiteElo "2319"]
[BlackElo "2431"]

1.e4 c5 2.Nf3 d6 3.Bb5+ Bd7 4.Bxd7+ Nxd7 5.d3 Ngf6 6.Nc3 e6 7.Ng5 h6 8.Nh3 Ne5
9.f4 Nc6 10.O-O Be7 11.f5 e5 12.Be3 Nd4 13.Nd5 Nxd5 14.exd5 Qd7 15.Bxd4 cxd4
16.Qg4 Bf6 17.Rae1 Rc8 18.Re2 Qb5 19.b3 Qxd5 20.Nf4 Qc6 21.Nh5 Kd7 22.Rf3 Rcg8
23.Rg3 Qc8 24.a4 Kc7 25.Qe4 Kb8 26.Qd5 Qd7 27.Rg4 Qxf5 28.Qxd6+ Ka8 29.Nxf6 gxf6
30.Rxg8+ Rxg8 31.Rf2 Qg5 32.h3 Qe3 33.Qxf6 Qxh3 34.Qxe5 Qg4 35.Re2 a6 36.Qe4 Qh5
37.Qe5 Qg4 38.Qe4 Qh5 39.b4 Rc8 40.b5 axb5 41.axb5 Qc5 42.Rf2 Rc7 43.Rf5 Qb6
44.Qe8+ Ka7 45.Rf4 Qc5 46.Rf6 Rc8 47.b6+ Ka6 48.Qa4+ Qa5 49.Qxd4 Rxc2 50.Rxf7 Qxb6  1/2-1/2

[Event "XX Open"]
[Site "Andorra la Vella AND"]
[Date "2002.07.08"]
[Round "3"]
[White "Nevednichy,V"]
[Black "Lopez Martinez,J"]
[Result "1-0"]
[WhiteElo "2537"]
[BlackElo "2452"]

1.e4 c5 2.Nf3 d6 3.Bb5+ Nc6 4.O-O Bd7 5.Re1 a6 6.Bf1 Bg4 7.h3 Bxf3 8.Qxf3 g6
9.c3 Bg7 10.Qd1 e6 11.d3 Nge7 12.Nd2 O-O 13.Nf3 b5 14.a3 Qb6 15.Be3 d5 16.exd5 Nxd5
17.Bd2 Rfd8 18.g3 Rd7 19.Qc2 Rad8 20.Rad1 a5 21.Qc1 b4 22.Re4 bxa3 23.bxa3 Rb8
24.h4 Qb2 25.Rc4 Bf8 26.h5 Qxc1 27.Rxc1 Rb3 28.a4 Rdb7 29.hxg6 hxg6 30.Re4 Rb1
31.Ree1 Rxc1 32.Rxc1 Rb2 33.Be1 Nb6 34.Ra1 Bg7 35.Ng5 Ne5 36.d4 cxd4 37.cxd4 Nc6
38.Rc1 Nxd4 39.Bxa5 Bf6 40.Ne4 Be5 41.Bxb6 Rxb6 42.a5 Rb2 43.a6 Ra2 44.Rc5 Nf3+
45.Kg2 Ne1+ 46.Kh3 Bd4 47.Rc4 Nf3 48.Bg2 f5 49.Bxf3 fxe4 50.Bg4 Rd2 51.a7 Bxa7
52.Rc8+ Kg7 53.Rc7+ Kh6 54.Rxa7 Rxf2 55.Re7 Rf1 56.Rxe6 Re1 57.Bf5 e3 58.Rxg6+ Kh7
59.Re6+ Kg7 60.Bd3 Kf7  1-0

[Event "17th North Sea Cup"]
[Site "Esbjerg DEN"]
[Date "2002.07.09"]
[Round "5"]
[White "Volokitin,And"]
[Black "Dominguez,L"]
[Result "1/2-1/2"]
[WhiteElo "2545"]
[BlackElo "2613"]

1.e4 c5 2.Nf3 d6 3.Bb5+ Bd7 4.Bxd7+ Qxd7 5.O-O Nf6 6.e5 dxe5 7.Nxe5 Qd6 8.Qe2 Nbd7
9.Nc4 Qc6 10.Nc3 e6 11.f4 g6 12.f5 gxf5 13.Rxf5 Rg8 14.Rf3 Be7 15.a4 Ng4
16.d3 Nge5 17.Rf1 Nxc4 18.dxc4 Nf6 19.Bf4 a6 20.Bg3 Rd8 21.Rf3 Ng4 22.Re1 Rd7
23.Rf4 Nh6 24.Qh5 Rg6 25.Rfe4 Kf8 26.Bf4 Kg7 27.Nd5 Bd8 28.Qe5+ Kg8 29.Qb8 Kg7
30.Qe5+ Kg8 31.Qb8 Kg7 32.Qe5+ Kg8 33.Qb8  1/2-1/2

[Event "17th North Sea Cup"]
[Site "Esbjerg DEN"]
[Date "2002.07.09"]
[Round "5"]
[White "Glek,I"]
[Black "Stefansson,H"]
[Result "1-0"]
[WhiteElo "2590"]
[BlackElo "2588"]

1.e4 c5 2.Nf3 d6 3.Bb5+ Bd7 4.Bxd7+ Qxd7 5.O-O Nc6 6.c3 Nf6 7.d4 Nxe4 8.d5 Ne5
9.Re1 Nf6 10.Nxe5 dxe5 11.c4 e6 12.Nc3 Be7 13.Rxe5 exd5 14.Bg5 d4 15.Ne4 O-O-O
16.Nxc5 Qc7 17.Nd3 Kb8 18.c5 Ka8 19.Qf3 Rd7 20.Rae1 Bd8 21.Nb4 Qc8 22.c6 bxc6
23.Nxc6 Qb7 24.a4 d3 25.Bd2 Rd6 26.Rc1 a6 27.b4 Nd7 28.Rf5 f6 29.b5  1-0

[Event "XX Open"]
[Site "Andorra la Vella AND"]
[Date "2002.07.10"]
[Round "5"]
[White "Oratovsky,M"]
[Black "Baches Garcia,G"]
[Result "1/2-1/2"]
[WhiteElo "2556"]
[BlackElo "2368"]

1.e4 c5 2.Nf3 d6 3.Bb5+ Bd7 4.Bxd7+ Qxd7 5.c4 Nc6 6.Nc3 g6 7.d4 cxd4 8.Nxd4 Bg7
9.Nde2 Nf6 10.f3 O-O 11.O-O a6 12.a4 e6 13.Bg5 Qc7 14.Kh1 Nd7 15.Rb1 Nc5
16.b3 Rac8 17.Qd2 Na5 18.Nc1 Ncxb3 19.Nxb3 Nxb3 20.Rxb3 Qxc4 21.Rfb1 Bxc3
22.Qxd6 Bg7 23.Rxb7 Qxa4 24.Qf4 e5 25.Qd2  1/2-1/2

[Event "17th North Sea Cup"]
[Site "Esbjerg DEN"]
[Date "2002.07.11"]
[Round "7"]
[White "Hansen,SuB"]
[Black "Dominguez,L"]
[Result "1/2-1/2"]
[WhiteElo "2545"]
[BlackElo "2613"]

1.e4 c5 2.Nf3 d6 3.Bb5+ Bd7 4.Bxd7+ Qxd7 5.c4 Nc6 6.Nc3 g6 7.d4 cxd4 8.Nxd4 Bg7
9.Nde2 Nf6 10.f3 O-O 11.O-O a6 12.a4 e6 13.Bg5 Qc7 14.Kh1 Nd7 15.Rb1 Nc5
16.b3 Rac8 17.Qc2 Nb4 18.Qd2 Rfe8 19.Bh4  1/2-1/2

[Event "XX Open"]
[Site "Andorra la Vella AND"]
[Date "2002.07.12"]
[Round "7"]
[White "Midoux,S"]
[Black "Candela Perez,J"]
[Result "0-1"]
[WhiteElo "2286"]
[BlackElo "2426"]

1.e4 c5 2.Nf3 d6 3.Bb5+ Bd7 4.Bxd7+ Nxd7 5.O-O Ngf6 6.Qe2 e6 7.d3 Be7 8.Ng5 h6
9.Nh3 O-O 10.f4 d5 11.e5 Nh7 12.Nd2 Qc7 13.Nf3 f6 14.exf6 Rxf6 15.Nf2 Nhf8
16.Bd2 Bd6 17.g3 Rf7 18.Rae1 Qc6 19.Ng4 Qa4 20.b3 Qa3 21.c4 Rd8 22.Bc1 Qa6
23.Nh4 Be7 24.Nf3 Bd6 25.Nfe5 Re7 26.Qg2 Bxe5 27.fxe5 Qc6 28.Qh3 dxc4 29.bxc4 Nh7
30.Qh4 Rde8 31.Re4 Ndf8 32.Qh5 Qd7 33.Bxh6 Qxd3 34.Ref4 gxh6 35.Nxh6+ Kg7
36.Rg4+ Ng6 37.Rf5 Qe3+ 38.Kg2 Qxh6  0-1

[Event "17th North Sea Cup"]
[Site "Esbjerg DEN"]
[Date "2002.07.13"]
[Round "9"]
[White "Stefansson,H"]
[Black "Tiviakov,S"]
[Result "1/2-1/2"]
[WhiteElo "2588"]
[BlackElo "2628"]

1.e4 c5 2.Nf3 d6 3.Bb5+ Nc6 4.O-O Bd7 5.Re1 Nf6 6.h3 a6 7.Bf1 e6 8.b3 Be7
9.Bb2 O-O 10.d3 b5 11.e5 dxe5 12.Nxe5 Nxe5 13.Bxe5 Bc6 14.Nd2 Nd7 15.Bb2 Bf6
16.Qc1 Rc8 17.Ne4 Bxb2 18.Qxb2 Qc7 19.a3 Rfd8 20.Rad1 Bd5 21.Qa1 Nf8 22.b4 Bxe4
23.dxe4 Rxd1 24.Rxd1 cxb4 25.axb4 Qb7  1/2-1/2

[Event "S&WYM"]
[Site "Millfield School ENG"]
[Date "2002.07.13"]
[Round "5"]
[White "Pinter,G"]
[Black "Middelburg,T"]
[Result "1-0"]
[WhiteElo "2381"]
[BlackElo "2382"]

1.e4 c5 2.Nf3 d6 3.Bb5+ Nd7 4.d4 cxd4 5.Qxd4 Nf6 6.Nc3 a6 7.Bxd7+ Bxd7 8.Bg5 e6
9.O-O-O h6 10.Bh4 Be7 11.Rhe1 Bc6 12.Nd5 exd5 13.exd5 O-O 14.dxc6 bxc6 15.Re2 Re8
16.Rde1 Nd5 17.c4  1-0

[Event "CAN&QC Open"]
[Site "Montreal CAN"]
[Date "2002.07.13"]
[Round "1"]
[White "Degraeve,JM"]
[Black "Boulay,D"]
[Result "1-0"]
[WhiteElo "2586"]
[BlackElo "2067"]

1.e4 c5 2.Nf3 d6 3.Bb5+ Bd7 4.Bxd7+ Nxd7 5.O-O Ngf6 6.d3 g6 7.Ng5 Bg7 8.Nc3 O-O
9.f4 h6 10.Nh3 Nh7 11.f5 g5 12.Nf2 Ne5 13.Ne2 d5 14.Ng3 Nf6 15.Qe2 Qd6 16.exd5 Qxd5
17.c4 Qd6 18.Be3 b6 19.Rad1 Nc6 20.Nfe4 Qe5 21.Rd2 Rad8 22.Nxf6+ Bxf6 23.Ne4 Kg7
24.h4 gxh4 25.Qg4+ Kh7 26.Qh5 Bg7 27.Qxh4 Nd4 28.Rdf2 Rh8 29.Bf4 Qxf5 30.Bxh6 Qg6
31.Bxg7+ Kxg7 32.Qxe7 Rhf8 33.Qe5+  1-0

[Event "2nd Pentium4"]
[Site "Milan ITA"]
[Date "2002.07.14"]
[Round "6"]
[White "Sedina,E"]
[Black "Cebalo,M"]
[Result "1/2-1/2"]
[WhiteElo "2416"]
[BlackElo "2548"]

1.e4 c5 2.Nf3 d6 3.Bb5+ Bd7 4.Bxd7+ Nxd7 5.O-O Ngf6 6.Qe2 Rc8 7.c4 g6 8.Nc3 Bg7
9.Ng5 h6 10.Nh3 Ne5 11.f4 Nc6 12.d3 Nd4 13.Qd1 O-O 14.Be3 e6 15.Rb1 Nd7 16.Ne2 f5
17.Kh1 a6 18.a3 b5 19.Bxd4 cxd4 20.exf5 gxf5 21.cxb5 axb5 22.Qb3 Qe7 23.Ng3 Rb8
24.Rbe1 Nc5 25.Qc2 Qf7 26.Ng1 b4 27.Nf3 bxa3 28.bxa3 Rb3 29.Ne5 Bxe5 30.fxe5 Rc3
31.Qd2 Nxd3 32.Rb1 Nxe5 33.Ne4 Rc6 34.Qxh6 Qg6 35.Qh4 Rc2 36.Ng3 d3 37.Qd4 Rc6
38.a4 Rfc8 39.a5 Qg4 40.Qe3 Rf8 41.Rf4 Qg6 42.Rff1 Ra6 43.Rb5 Raa8 44.Qd4 Qh6
45.Qxd6 Ng4 46.h3 Rad8 47.Qb6 d2 48.Rd1 Rfe8 49.Nf1 Nf6 50.a6 Ne4 51.a7 Qf4
52.Kg1 Kf7 53.Rb3 Kf6 54.Rf3 Qe5 55.Rb3 Rg8 56.Qe3 Qd5 57.Rb2 Rxg2+ 58.Kxg2 Rg8+
59.Kh2 Qe5+ 60.Kh1 Qxb2 61.Nxd2 Ng5 62.Rb1 Qa2 63.Qd4+ e5 64.Qc4 Qa3 65.Rb6+ Kg7
66.Rb7+ Kf6 67.Rb6+ Kg7  1/2-1/2

[Event "TCh-POL Jun"]
[Site "Laczna POL"]
[Date "2002.07.15"]
[Round "1"]
[White "Skrzypnik,M"]
[Black "Zawadzki,S"]
[Result "1/2-1/2"]
[WhiteElo "2283"]
[BlackElo "2416"]

1.e4 c5 2.Nf3 d6 3.Bb5+ Bd7 4.Bxd7+ Nxd7 5.c4 Ngf6 6.Nc3 e6 7.O-O Be7 8.d4 O-O
9.b3 cxd4 10.Nxd4 a6 11.Bb2 Qa5 12.Qe2 Rac8 13.Rac1 Rfe8 14.Rfd1 Bf8 15.Kh1 Qe5
16.g3 Qg5 17.Nf3 Qa5 18.Kg2 Rc7 19.Na4 Qh5 20.Bxf6 gxf6 21.Nd4 Qxe2 22.Nxe2 Rec8
23.Nac3 Rc5 24.f4 Be7 25.a4 Kf8 26.g4 h5 27.h3 Ke8 28.Ng3 hxg4 29.hxg4 Bf8
30.Rh1 R8c6 31.Nge2 Rb6 32.Rb1 Rbc6 33.Nd4 Rc8 34.f5 Re5 35.Kf3 Nc5 36.Rh7 Nd7
37.Nde2 b5 38.fxe6 fxe6 39.cxb5 axb5 40.Nxb5 d5 41.exd5 Rxd5 42.Nf4 Ne5+
43.Ke4 Rd7 44.Rbh1 Nxg4 45.Rxd7 f5+ 46.Kf3 Ne5+ 47.Ke3 Kxd7 48.Rd1+ Ke7 49.Nd4 Bh6
50.Nxe6 Ng6  1/2-1/2

[Event "EuJun"]
[Site "Baku AZE"]
[Date "2002.07.18"]
[Round "5"]
[White "Krupenski,Y"]
[Black "Esen,B"]
[Result "1-0"]
[WhiteElo "2240"]
[BlackElo "2189"]

1.e4 c5 2.Nf3 d6 3.Bb5+ Nc6 4.O-O Bd7 5.Re1 Nf6 6.c3 a6 7.Bf1 Bg4 8.d3 g6
9.Be3 Bg7 10.Nbd2 O-O 11.a3 Nd7 12.h3 Bxf3 13.Nxf3 b5 14.d4 Rb8 15.b4 cxd4
16.cxd4 Nb6 17.Rc1 Qd7 18.d5 Na7 19.Bd4 Bh6 20.Rc2 e5 21.dxe6 fxe6 22.h4 Nc6
23.Ba1 Nd8 24.Ng5 Nf7 25.Nxf7 Rxf7 26.g3 e5 27.Qd3 Rff8 28.Rd1 Rfd8 29.Kh2 Qf7
30.Bh3 Nc4 31.Kg2 Rb7 32.a4 Rf8 33.Kg1 Bg7 34.a5 Rc7 35.Qd5 Qxd5 36.Rxd5 Rf3
37.Rxd6 Ra3 38.Rd1 Kf7 39.Bf1 Rb3 40.Bxc4+ bxc4 41.Bc3 Ke6 42.Rd5 Bf6 43.Kf1 Bg7
44.Ke2 Bf6 45.g4 Bg7 46.Rc1 Ra3 47.g5 Ra2+ 48.Ke3 Ra3 49.Rc2 Rb3 50.Ke2 Ra3
51.b5 axb5 52.Rxb5 Rb3 53.Rb6+ Kd7 54.Kd2 Ra3 55.Rcb2 Bf8 56.Rb7 Bd6 57.Kc2 Ra4
58.R7b5 Ke6 59.Rd5 Rc5 60.Rd1 Bc7 61.Rdb1 Kd7 62.Rb5 Kc6 63.R5b2 Kd7 64.Rb5 Kc6
65.Rxc5+ Kxc5 66.Ra1 Rxa1 67.Bxa1 Kb5 68.Bc3 Bd6 69.f3 Kc5 70.Kd2 Bc7 71.a6 Bb8
72.Bxe5  1-0

[Event "24th Politiken Cup"]
[Site "Copenhagen DEN"]
[Date "2002.07.20"]
[Round "6"]
[White "Felgaer,R"]
[Black "Aagaard,J"]
[Result "1/2-1/2"]
[WhiteElo "2509"]
[BlackElo "2359"]

1.e4 c5 2.Nf3 d6 3.Bb5+ Bd7 4.Bxd7+ Qxd7 5.O-O Nf6 6.e5 dxe5 7.Nxe5 Qc7 8.d4 cxd4
9.Bf4 Nc6 10.Re1 Nxe5 11.Bxe5 Qc6 12.Qxd4 e6 13.Nc3 Bc5 14.Qh4 Nd7 15.Bg3 Be7
16.Qe4 Rc8 17.Qd4 O-O 18.Rad1 Nb6 19.Be5 f6 20.Bd6 Bxd6 21.Qxd6 Qxd6 22.Rxd6 e5
23.Rd3 Nc4 24.Nd1 Rfd8 25.Rxd8+ Rxd8 26.b3 Nd6 27.Ne3 Ne4 28.Rd1 Rxd1+ 29.Nxd1 b5
30.Kf1 Kf7 31.Ke2 Ke6 32.Kd3 f5 33.f3 Nd6 34.Ne3 f4 35.Nf1 Kd5 36.c3 e4+
37.fxe4+ Nxe4 38.h3 Nc5+  1/2-1/2

[Event "EuJun"]
[Site "Baku AZE"]
[Date "2002.07.21"]
[Round "8"]
[White "Krupenski,Y"]
[Black "Teterev,V"]
[Result "0-1"]
[WhiteElo "2240"]
[BlackElo "2342"]

1.e4 c5 2.Nf3 d6 3.Bb5+ Nc6 4.O-O Bd7 5.Re1 a6 6.Bf1 g6 7.c3 Bg7 8.Na3 Nf6
9.Nc2 O-O 10.Rb1 e5 11.d4 cxd4 12.cxd4 exd4 13.Ncxd4 Re8 14.Bc4 Nxd4 15.Qxd4 Bc6
16.Bg5 Bxe4 17.Rxe4 Nxe4 18.Bxf7+ Kh8 19.Qa4 Nxg5 20.Nxg5 Re5 21.Nf3 Rc5
22.h4 Qe7 23.Bb3 Rac8 24.Qg4 Qf6 25.Re1 Rc1 26.Qb4 Rxe1+ 27.Qxe1 h6 28.Qe4 b5
29.g3 Qf5 30.Qb7 Rf8 31.Kg2 g5 32.hxg5 hxg5 33.Qd5 g4  0-1

[Event "24th Politiken Cup"]
[Site "Copenhagen DEN"]
[Date "2002.07.21"]
[Round "7"]
[White "Kallio,H"]
[Black "Dominguez,L"]
[Result "1/2-1/2"]
[WhiteElo "2501"]
[BlackElo "2613"]

1.e4 c5 2.Nf3 d6 3.Bb5+ Bd7 4.Bxd7+ Qxd7 5.O-O Nc6 6.c4 g6 7.Nc3 Bg7 8.d3 Nh6
9.a3 O-O 10.Rb1 f5 11.b4 Ng4 12.Bd2 b6 13.Qe2 Nge5 14.Nxe5 Bxe5 15.Nd5 e6
16.Ne3 Nd4 17.Qd1 f4 18.Nc2 Nxc2 19.Qxc2 f3 20.g3 Bd4 21.h3 d5 22.bxc5 dxe4
23.dxe4 bxc5 24.Kh2 Rab8 25.Bh6 Rfd8 26.Qd3 Qf7 27.Rxb8 Rxb8 28.Rb1 Re8 29.Rb3 Bxf2
30.Qxf3 Qxf3 31.Rxf3 Bd4 32.Rb3 Kf7 33.Bg5 Kg8 34.Bh6 Kf7 35.Rb7+ Re7 36.Rxe7+ Kxe7
37.Kg2 Bc3 38.Kf3 Kd6 39.g4 Kc6 40.Bg5 Be5 41.Ke2  1/2-1/2

[Event "KB Czech Open"]
[Site "Pardubice CZE"]
[Date "2002.07.21"]
[Round "3"]
[White "Varitski,I"]
[Black "Roiz,M"]
[Result "1/2-1/2"]
[WhiteElo "2330"]
[BlackElo "2507"]

1.e4 c5 2.Nf3 d6 3.Bb5+ Nd7 4.c3 Nf6 5.Qe2 a6 6.Ba4 e5 7.O-O Be7 8.d4 b5
9.Bc2 O-O 10.Rd1 Qc7 11.dxe5 Nxe5 12.Nxe5 dxe5 13.Nd2 Bb7 14.Nf1 Rfd8 15.Bg5 Rd6
16.Rdc1 Rad8 17.Re1 g6 18.Ng3 Nh5 19.Bxe7 Nf4 20.Qe3 Qxe7 21.Rad1 Rxd1 22.Bxd1 Qd6
23.Bc2 c4 24.h4 h5 25.Qa7 f5 26.Qxb7 Qd2 27.Qe7 Qxe1+ 28.Kh2 Qxf2 29.Nxf5 g5
30.Qxg5+  1/2-1/2

[Event "Capital of Siberia Open"]
[Site "Novosibirsk RUS"]
[Date "2002.07.23"]
[Round "5"]
[White "Chigvintsev,A"]
[Black "Zhukov,A"]
[Result "1-0"]
[WhiteElo "2389"]
[BlackElo "2139"]

1.Nf3 c5 2.e4 d6 3.Bb5+ Bd7 4.Bxd7+ Qxd7 5.O-O g6 6.b3 Bg7 7.Nc3 Nc6 8.Re1 e6
9.Bb2 Nge7 10.Qe2 Nd4 11.Nxd4 cxd4 12.Nd1 O-O 13.c3 e5 14.f3 Rfe8 15.Nf2 d5
16.Rac1 dxe4 17.fxe4 Nc6 18.Nd3 b6 19.c4 a5 20.a4 Rab8 21.Ba3 f5 22.g3 g5
23.Rf1 f4 24.Qh5 Re6 25.Qg4 Qf7 26.Qxg5 Kh8 27.Qf5 Rf6 28.Qh3 Rg8 29.Rf3 Bh6
30.Rcf1 Qg6 31.Re1 Qg5 32.Re2 Qg7 33.Qh5 Rg6 34.Rg2 Rg5 35.Qh3 Nd8 36.Be7 Qxe7
37.Qxh6 R5g6 38.Qh5 Nf7 39.h4 Qf6 40.Nf2 Qe6 41.Qf5 fxg3 42.Qxe6 gxf2+ 43.Kxf2 Rxe6
44.Rxf7  1-0

[Event "KB Czech Open"]
[Site "Pardubice CZE"]
[Date "2002.07.23"]
[Round "5"]
[White "Varitski,I"]
[Black "Murey,J"]
[Result "0-1"]
[WhiteElo "2330"]
[BlackElo "2496"]

1.e4 c5 2.Nf3 d6 3.Bb5+ Nd7 4.c3 Nf6 5.Qe2 a6 6.Ba4 b5 7.Bc2 e6 8.O-O Be7
9.d4 Bb7 10.Re1 cxd4 11.cxd4 Rc8 12.a3 O-O 13.Nc3 Re8 14.Bg5 h6 15.Bf4 Bf8
16.Rad1 Qc7 17.Bb1 e5 18.Bg3 Nh5 19.dxe5 Nxg3 20.hxg3 dxe5 21.Nd5 Bxd5 22.exd5 g6
23.d6 Qb6 24.Nh4 Bxd6 25.Nxg6 fxg6 26.Qg4 Bc5 27.Rxd7 Bxf2+ 28.Kh2 Rc4 29.Ba2 Bxe1
30.Bxc4+ bxc4 31.Qxc4+ Qe6 32.Qc1 Ba5 33.Rg7+ Kf8 34.Rh7  0-1

[Event "24th Politiken Cup"]
[Site "Copenhagen DEN"]
[Date "2002.07.24"]
[Round "9"]
[White "El Kher,H"]
[Black "McShane,L"]
[Result "1-0"]
[WhiteElo "2355"]
[BlackElo "2544"]

1.e4 c5 2.Nf3 d6 3.Bb5+ Bd7 4.a4 Nc6 5.d3 g6 6.O-O Bg7 7.Re1 Nf6 8.e5 dxe5
9.Nxe5 Nxe5 10.Rxe5 Rc8 11.Qf3 b6 12.Na3 O-O 13.h3 Bxb5 14.axb5 Ne8 15.Re2 Nd6
16.c3 Re8 17.Bf4 e5 18.Bg3 f5 19.Qd5+ Nf7 20.Qc4 f4 21.Bh2 Qd7 22.Nb1 Red8
23.Rd2 Bf6 24.f3 Kg7 25.Qb3 g5 26.c4 h5 27.Nc3 g4 28.Kh1 Rg8 29.Qd1 gxh3
30.gxh3 Kh8 31.Nd5 Bh4 32.b4 cxb4 33.Qf1 b3 34.d4 Rce8 35.dxe5 Rxe5 36.Bxf4 Rf5
37.Qd3 Qe6 38.Re2 Qg6 39.Be3 Bf6 40.Rg1 Qh7 41.Rxg8+ Kxg8 42.Bd4 Qh6 43.Rg2+ Kf8
44.Qxf5 Bxd4 45.Qc8+  1-0

[Event "17th Open"]
[Site "Avoine FRA"]
[Date "2002.07.25"]
[Round "6"]
[White "Nevednichy,V"]
[Black "Loiret,S"]
[Result "1-0"]
[WhiteElo "2537"]
[BlackElo "2251"]

1.e4 c5 2.Nf3 d6 3.Bb5+ Nd7 4.d4 cxd4 5.Qxd4 Nf6 6.O-O e5 7.Qd3 Be7 8.Nc3 O-O
9.Be3 Qc7 10.Bc4 a6 11.Bd5 Nb6 12.Bxb6 Qxb6 13.a4 Bd7 14.Nd2 Bc6 15.Nc4 Qd4
16.Rfd1 Bxd5 17.Nxd5 Nxd5 18.Qxd4 exd4 19.exd5 b5 20.Nb6 Ra7 21.axb5 Rb8
22.Nc4 Rxb5 23.Rxd4 Bf6 24.Re4 g6 25.Rd1 Bxb2 26.Re8+ Kg7 27.Nxd6 Rc5 28.c4 Rd7
29.Nc8 Bf6 30.Nb6 Rb7 31.Rc8 Bd4 32.d6 Rxb6 33.d7 Rd6 34.Rxc5 Rxd7 35.Rd5 Rxd5
36.cxd5 Bf6 37.d6  1-0

[Event "Lost Boys Open"]
[Site "Amsterdam NED"]
[Date "2002.07.26"]
[Round "1"]
[White "Van der Spek,HP"]
[Black "Gaponenko,I"]
[Result "1/2-1/2"]
[WhiteElo "2243"]
[BlackElo "2415"]

1.e4 c5 2.Nf3 d6 3.Bb5+ Nd7 4.d4 Nf6 5.Nc3 a6 6.Bxd7+ Nxd7 7.O-O cxd4 8.Qxd4 e6
9.Bg5 Qc7 10.Rfe1 Ne5 11.Rad1 Bd7 12.Bf4 f6 13.Bg3 Be7 14.Re2 Rd8 15.Ne1 g5
16.Nd3 Ng6 17.Qe3 b5 18.Kh1 h5 19.f4 h4 20.Be1 gxf4 21.Nxf4 Ne5 22.a4 Kf7
23.axb5 axb5 24.Ra1 Qc5 25.Nd3 Qc7 26.Ra7 Qb8 27.b3 Bc6 28.Nb4 Bd7 29.Na6 Qc8
30.Qb6 h3 31.g3 Qc6 32.Qxc6 Nxc6 33.Rc7 Nd4 34.Rf2 Ra8 35.Rxd7 Rxa6 36.e5 Ra1
37.Rf1 dxe5 38.Ne4 Ke8 39.Rxe7+ Kxe7 40.Bb4+ Kf7 41.Rxa1 Nxc2 42.Ra7+ Kg6
43.Bc5 Rc8 44.Ra6 f5 45.Rxe6+ Kg7 46.Re7+ Kg6 47.Re6+  1/2-1/2

[Event "Lasker Mem Open"]
[Site "Barlinek POL"]
[Date "2002.07.26"]
[Round "8"]
[White "Andreev,Ed"]
[Black "Miroshnichenko,E"]
[Result "0-1"]
[WhiteElo "2463"]
[BlackElo "2525"]

1.e4 c5 2.Nf3 d6 3.Bb5+ Bd7 4.Bxd7+ Qxd7 5.c4 Nc6 6.d4 cxd4 7.Nxd4 Nf6 8.Nc3 g6
9.f3 Bg7 10.Be3 O-O 11.O-O a6 12.a4 Rac8 13.b3 Qd8 14.Qd2 Nd7 15.Rab1 Nc5
16.Nde2 Qa5 17.b4 Nxb4 18.Nd5 Nxd5 19.Qxa5 Nxe3 20.Rfc1 Nd3 21.Qd2 Nxc1 22.Rxc1 Nxc4
23.Qd5 b5 24.axb5 axb5 25.Qxb5 Rc5 26.Qa6 Rfc8 27.Kf2 Bf6 28.Rc2 Kg7 29.f4 h5
30.g3 R8c7 31.Qa2 e6 32.Qa6 R5c6 33.Qb5 Rc5 34.Qb8 d5 35.e5 Be7 36.Ra2 Rc8
37.Qb3 R5c6 38.Kg2 Bc5 39.Kf3 Rb6 40.Qd3 Rcb8 41.Rc2 Rb3 42.Rc3 Rxc3 43.Nxc3 Rb3
44.Kg2 Ne3+ 45.Kh3 d4 46.f5 Nxf5 47.Qc4 Rxc3  0-1

[Event "24th Politiken Cup"]
[Site "Copenhagen DEN"]
[Date "2002.07.26"]
[Round "11"]
[White "Felgaer,R"]
[Black "Tiviakov,S"]
[Result "1/2-1/2"]
[WhiteElo "2509"]
[BlackElo "2628"]

1.e4 c5 2.Nf3 d6 3.Bb5+ Nc6 4.O-O Bd7 5.Re1 Nf6 6.c3 a6 7.Bxc6 Bxc6 8.d4 cxd4
9.cxd4 Bxe4 10.Bg5 Qa5 11.Nc3  1/2-1/2

[Event "4th Stage Russian Cup"]
[Site "Samara RUS"]
[Date "2002.07.26"]
[Round "1"]
[White "Kornev,Alexe"]
[Black "Sidorov,A"]
[Result "1-0"]
[WhiteElo "2567"]
[BlackElo "2384"]

1.e4 c5 2.Nf3 d6 3.Bb5+ Nd7 4.d4 cxd4 5.Qxd4 Nf6 6.Nc3 e6 7.Bg5 Be7 8.O-O-O O-O
9.Bxd7 Bxd7 10.Bxf6 gxf6 11.Kb1 Bc6 12.Qe3 Qa5 13.Nd4 Kh8 14.f4 Rg8 15.g3 Qc5
16.Rhe1 Rac8 17.Qe2 Bd7 18.Nb3 Qb6 19.Qh5 Rg7 20.Rd2 a6 21.f5 Rc4 22.Qh6 Qc7
23.Red1 Bc8 24.Nd4 Rc5 25.Nde2 b5 26.Nf4 Rg5 27.Nh5 Rxh5 28.Qxh5 Kg7 29.Qg4+ Kh8
30.Rd4 a5 31.Qh5 Bf8 32.Qe2 Bd7 33.a3 Qb7 34.fxe6 fxe6 35.Qf3 Kg7 36.Rf1 Be7
37.Ne2 Qc8 38.Qd3 Bc6 39.Nc3 Re5 40.Qe2 Qb7 41.Qg4+ Kf7 42.b4 axb4 43.axb4 Qa7
44.Qd1 Kg7 45.Kb2 Be8 46.Qd3 Qb6 47.Ra1 Rh5 48.h4 Re5 49.Ra5 d5 50.Ra1 Bg6
51.Qd2 Bf7 52.exd5 exd5 53.Rd1 Qc6 54.Nxd5 Bxd5 55.Rxd5 Bxb4 56.Rd7+ Be7
57.Qd6 Qe4 58.Qd4 Qe2 59.Rd2 Qe1 60.Qc3  1-0